Decent work and the informal economy in Central America /
Este documento es el resultado de un trabajo de recolección y análisis estadístico, acerca del tamaño, la composición y la contribución del sector informal a las economías de la Región Centroamericana, así como, para promover la formulación de programas y políticas adecuadas que atiendan a esta real...
Збережено в:
| Автор: | |
|---|---|
| Інші автори: | |
| Формат: | Текст |
| Опубліковано: |
Geneva :
International Labour Organization,
|
| Предмети: | |
| Теги: |
Додати тег
Немає тегів, Будьте першим, хто поставить тег для цього запису!
|
MARC
| LEADER | 00000 a a2200000 04500 | ||
|---|---|---|---|
| 001 | 34339 | ||
| 003 | |||
| 040 | |||
| 020 | |a 92-2-11499-4 | ||
| 090 | |a 1001 T787d | ||
| 100 | |a Trejos Solórzano, Juan Diego | ||
| 245 | |a Decent work and the informal economy in Central America / |c Juan Diego Trejos Solórzano | ||
| 260 | |a Geneva : |b International Labour Organization, | ||
| 300 | |a 81 p. | ||
| 520 | |a Este documento es el resultado de un trabajo de recolección y análisis estadístico, acerca del tamaño, la composición y la contribución del sector informal a las economías de la Región Centroamericana, así como, para promover la formulación de programas y políticas adecuadas que atiendan a esta realidad | ||
| 650 | |a SECTOR INFORMAL | ||
| 650 | |a CONDICIONES DE TRABAJO | ||
| 650 | |a ELABORACION DE POLITICAS | ||
| 650 | |a AMERICA CENTRAL | ||
| 700 | |a Del Cid, Miguel | ||
| 999 | |c 11765 |d 11765 | ||
